000 00442nmm a2200157Ia 4500
008 251105s9999||||xx |||||||||||||||||und||
020 _a9789561414457
041 _aspa
100 _aSilva Gatica SS.CC., Sergio
245 0 _aJesús, mi Señor
264 _a[Santiago de Chile, Chile] :
_bEdiciones UC,
_c2014
300 _a186 páginas
650 _aReligion(s)
856 _uhttps://public.digitaliapublishing.com/a/38248
942 _cCF
999 _c94170
_d94170